000 00775cam a2200277 a 4500
005 20240402162525.0
008 240402s2008 enkk 000 0 eng d
020 _a9781847037572 (pbk.)
035 _a(UkOxU)016952389
035 _a(UkOxU)016952389BIB01
035 _a(StEdNL)4239453
035 _a(UkLCURL)704239453
038 _aUkLCURL
041 _aeng
090 _aNLS
_bLaw
245 0 0 _aConsultancy agreement :
_b(public sector) : CA.
246 1 7 _aCA
260 _aLondon :
_bSweet & Maxwell,
_c2008.
300 _aii, 52 p. :
_bforms ;
_c30 cm.
490 _aJCT Contracts 2008
500 _aTitle from cover.
650 0 _aConstruction contracts
_zGreat Britain.
651 _aUnited Kingdom
710 2 _aJoint Contracts Tribunal.
942 _n0
999 _c121878
_d121878